| 000 | 00649nam a2200277Ia 4500 | ||
|---|---|---|---|
| 005 | 20250425162250.0 | ||
| 008 | 250425s9999 xx 000 0 und d | ||
| 020 | _a9789978310366 | ||
| 041 | _aspa | ||
| 082 | _a622.338 | ||
| 100 | _aRIOFRÍO ANDRADE, EDGAR | ||
| 245 | 0 | _aFACILIDADES DE SUPERFICIE II | |
| 250 | _a1A ED. | ||
| 260 |
_aEcuador _bESPOL. FICT _c2006 |
||
| 260 | _aGUAYAQUIL | ||
| 300 | _a239 | ||
| 650 | _aACCESORIOS | ||
| 650 | _aCONTROL DE FLUJO | ||
| 650 | _aFLUJO EN TUBERIAS | ||
| 650 | _aMEDIDORES DE FLUJO | ||
| 650 | _aPOZOS | ||
| 650 | _aVALVULAS | ||
| 710 | _aS.A. | ||
| 942 | _c01 | ||
| 010 | _a59172 | ||
| 999 |
_c225684 _d225684 |
||